000 00293nam a22001337a 4500
008 181205b xxu||||| |||| 00| 0 eng d
020 _a9780131490789
041 _aeng
080 _25th
_a510
100 _a36
101 _aMAT
245 _aIntermediate Algebra
_cTobey,J
942 _2udc
_cBK
999 _c52885
_d52885